Statistics for Rhineland-Palatinate Quiz

Click here to take the quiz!

General Stats

  • This quiz has been taken 273 times
    (265 since last reset)
  • The average score is 11 of 16

Answer Stats

HintAnswer% Correct
Belgium
98%
Luxembourg
98%
Three neighboring countriesFrance
97%
What kind of beverage are Riesling and Dornfelder?Wines
89%
This monk refused to renounce his "heresies" at the Diet of WormsMartin Luther
79%
Capital and largest cityMainz
74%
Johannes Gutenberg invented this in the capital cityPrinting press
74%
This 19th century philosopher, economist and revolutionary was born in TrierKarl Marx
68%
You can find one of Europe's oldest cemeteries for this group of people in WormsJews
63%
Major river in the westMoselle
61%
Chancellor of German UnityHelmut Kohl
56%
Which sporting event was hosted at the Nürburgring?Formula 1
53%
This city derives its name from being at the confluence of two riversKoblenz
49%
Rock on the Rhine and legendary femme fatale associated with itLorelei
45%
The city of Worms is a setting in this saga of Siegfried and KriemhildNibelung
39%
Trier landmark erected by the Romans whose name means "black gate"Porta Nigra
37%

Score Distribution

Percentile by Number Answered

Percent of People with Each Score

Your Score History

You have not taken this quiz since the last reset